Prístupy k meraniu výkonnosti podniku bakalárska práca

Saved in:
Bibliographic Details
Main Author: Oláhová, Zuzana
Corporate Author: Podnikovohospodárska fakulta EU so sídlom v Košiciach. Katedra finančného riadenia podniku
Other Authors: Nižníková, Zuzana, 1986-
Format: Book
Language:Slovak
Published: Košice 2018
Tags: Add Tag
No Tags, Be the first to tag this record!

MARC

LEADER 00000nbm a2200000 4500
001 0247243
005 20181018110322.5
041 0 |a slo 
044 |a SK 
245 1 0 |a Prístupy k meraniu výkonnosti podniku  |b bakalárska práca  |c Zuzana Oláhová ; školiteľ: Zuzana Kudlová 
264 1 |a Košice  |c 2018 
300 |a 48 s. 
100 1 |a Oláhová, Zuzana 
700 1 |a Nižníková, Zuzana, 1986- 
710 2 |a Podnikovohospodárska fakulta EU so sídlom v Košiciach. Katedra finančného riadenia podniku